000
00246nam a2200097Ia 4500
001
1220663
005
20250827092815.0
008
250824s9999 xx 000 0 und d
245
0
_a
SIRLAR UÇURUMU
_c
ALEİN KENTİGERNA
260
_b
PANAMA YAYINLARI
999
_c
1220663
_d
1220663